| 000 | 00608nam a22001937a 4500 | ||
|---|---|---|---|
| 999 |
_c188975 _d188975 |
||
| 005 | 20220608152810.0 | ||
| 010 | _aENG-133099 | ||
| 020 |
_c595.00.00 _a978-8-178-24484-6 |
||
| 035 | _aEN-116631 | ||
| 037 | _bDBAD/PUB | ||
| 082 | _a880.9 | ||
| 245 |
_aA concise history of Indian Literature in English/ _cedted by Arvind Krishna Mehrotra |
||
| 250 | _bRanighet | ||
| 260 |
_c2017 _bpermanent Black |
||
| 270 |
_aHimalayana Mall Road, Ranikhet Cantt. _bRanighet _e263645 |
||
| 300 |
_a517p. _c21cm(pbk) _bindex |
||
| 700 | _aArvind Krishna Mehrotra | ||
| 942 |
_2ddc _cEN _mCON _h380.9 |
||